000
00288nam a2200109Ia 4500
005
20251222141757.0
008
251222s9999||||xx |||||||||||||| ||spa||
082
_a
985.073/Z7
100
_a
"Zimmermann Zavala, Augusto"
245
0
_a
"El Plan Inca, objetivo: Revoluciyn Peruana"
942
_c
LIB
999
_c
6029
_d
6029